Vista normal Vista MARC

Entrada Personal Name

Número de registros utilizados en: 1

001 - CONTROL NUMBER

  • control field: 43608

003 - CONTROL NUMBER IDENTIFIER

  • control field: OSt

005 - DATE AND TIME OF LATEST TRANSACTION

  • control field: 20240327163328.0

008 - FIXED-LENGTH DATA ELEMENTS

  • fixed length control field: 240327|| aca||aabn | a|a d

040 ## - CATALOGING SOURCE

  • Original cataloging agency: OSt
  • Transcribing agency: OSt

100 ## - HEADING--PERSONAL NAME

  • Personal name: Molinari, Claudio

670 ## - SOURCE DATA FOUND

  • Source citation: Work cat.: (OSt)30295: Thurlow, Clifford autor 43604, Sexo, surrealismo Dalí y yo / , 2002